[Event "DVM U14 2020"]
[Site "Willingen GER"]
[Date "2021.06.24"]
[Round "1"]
[White "Dordevic, Tom"]
[Black "Freude, Max"]
[Result "0-1"]
[Termination "normal"]
[Board "6.2"]
[WhiteElo "1556"]
[BlackElo "1806"]
[WhiteClock "00:08:40"]
[BlackClock "00:03:45"]
[WhiteTeam "Düsseldorfer Schachverein 1854"]
[BlackTeam "SV Empor Berlin e.V."]
[PlyCount "74"]
[WhiteFideId "16260503"]
[BlackFideId "16236157"]
[EventCountry "GER"]
[EventRounds "7"]
[EventType "team-swiss"]
[EventDate "2021.06.23"]

1. d4 {[%clk 1:30:59]} Nf6 {[%clk 1:30:53]} 2. Bf4 {[%clk 1:31:25]} d5 {[%clk
1:31:14]} 3. e3 {[%clk 1:31:50]} c5 {[%clk 1:31:39]} 4. c3 {[%clk 1:32:12]} Nc6
{[%clk 1:29:20]} 5. Nd2 {[%clk 1:32:26]} Bf5 {[%clk 1:28:27]} 6. Ngf3 {[%clk
1:32:21]} e6 {[%clk 1:24:39]} 7. Bb5 {[%clk 1:27:32]} Be7 {[%clk 1:17:40]} 8.
Ne5 {[%clk 1:22:47]} Qb6 {[%clk 1:15:09]} 9. Qa4 {[%clk 1:17:34]} Rc8 {[%clk
1:12:44]} 10. O-O {[%clk 1:13:28]} O-O {[%clk 1:10:42]} 11. Bxc6 {[%clk
0:54:25]} bxc6 {[%clk 1:10:59]} 12. Ndf3 {[%clk 0:54:12]} a5 {[%clk 0:44:39]}
13. h3 {[%clk 0:37:29]} Rfd8 {[%clk 0:38:15]} 14. Bg5 {[%clk 0:32:49]} h6
{[%clk 0:30:47]} 15. Bh4 {[%clk 0:33:02]} g5 {[%clk 0:29:16]} 16. dxc5 {[%clk
0:30:23]} Qxc5 {[%clk 0:24:08]} 17. Bg3 {[%clk 0:30:17]} Ne4 {[%clk 0:22:16]}
18. Bh2 {[%clk 0:30:03]} f6 {[%clk 0:19:06]} 19. Ng4 {[%clk 0:29:05]} Kg7
{[%clk 0:18:59]} 20. Bg3 {[%clk 0:27:17]} Bxg4 {[%clk 0:17:36]} 21. hxg4 {[%clk
0:27:01]} Nxg3 {[%clk 0:17:38]} 22. Nd4 {[%clk 0:27:05]} Qd6 {[%clk 0:15:28]}
23. fxg3 {[%clk 0:26:50]} c5 {[%clk 0:14:11]} 24. Nf3 {[%clk 0:25:24]} Qxg3
{[%clk 0:13:11]} 25. Qxa5 {[%clk 0:23:58]} e5 {[%clk 0:11:31]} 26. Qa7 {[%clk
0:21:01]} Kf8 {[%clk 0:10:53]} 27. Rae1 {[%clk 0:16:01]} e4 {[%clk 0:10:51]}
28. Nh2 {[%clk 0:14:14]} Rc7 {[%clk 0:10:08]} 29. Qa6 {[%clk 0:14:03]} Kf7
{[%clk 0:05:44]} 30. Rf2 {[%clk 0:09:41]} Bd6 {[%clk 0:05:15]} 31. Nf1 {[%clk
0:09:52]} Qxg4 {[%clk 0:05:19]} 32. Nh2 {[%clk 0:09:45]} Qe6 {[%clk 0:04:49]}
33. Qf1 {[%clk 0:09:36]} Bg3 {[%clk 0:04:28]} 34. Ree2 {[%clk 0:08:11]} Bxf2+
{[%clk 0:04:49]} 35. Rxf2 {[%clk 0:08:39]} Kg6 {[%clk 0:04:47]} 36. Ng4 {[%clk
0:08:18]} Qxg4 {[%clk 0:03:27]} 37. Rxf6+ {[%clk 0:08:40]} Kg7 {[%clk 0:03:45]}
0-1

[Event "DVM U14 2020"]
[Site "Willingen GER"]
[Date "2021.06.24"]
[Round "1"]
[White "Ellert, Stefan"]
[Black "Krishnachandran, Srihari"]
[Result "1-0"]
[Termination "normal"]
[Board "6.3"]
[WhiteElo "1657"]
[BlackElo "1323"]
[WhiteClock "01:31:17"]
[BlackClock "01:30:43"]
[WhiteTeam "SV Empor Berlin e.V."]
[BlackTeam "Düsseldorfer Schachverein 1854"]
[PlyCount "55"]
[WhiteFideId "16235029"]
[BlackFideId "34605932"]
[EventCountry "GER"]
[EventRounds "7"]
[EventType "team-swiss"]
[EventDate "2021.06.23"]

{[%evp 0,55,22,26,26,26,24,24,15,34,66,37,15,6,12,7,4,-14,-15,-11,-7,-7,-13,-9,
-15,-50,-15,-19,-17,-15,-5,-15,-8,-3,-2,-12,25,18,126,121,116,121,122,114,116,
65,65,84,130,128,29991,29992,29995,29996,29997,29998,29999,-30000]} 1. d4 Nf6
2. Nf3 e6 3. Bf4 d5 4. e3 c5 5. c3 Nc6 6. Bd3 Bd6 7. Bg3 O-O 8. O-O b6 9. Nbd2
Bb7 10. Ne5 Qc7 11. f4 Ne7 12. Qc2 Ng6 13. h3 Rac8 14. Rac1 Rfd8 15. Bh2 a6 16.
g4 c4 17. Be2 Ne4 18. Nxe4 dxe4 19. Nxc4 Ne7 20. Nxd6 Qxd6 21. f5 Qd7 22. f6
Nd5 23. Be5 Nxe3 24. Qd2 Nxf1 25. Qg5 g6 26. Qh6 Qxd4+ 27. Bxd4 Rxd4 28. Qg7#
1-0

[Event "DVM U14 2020"]
[Site "Willingen GER"]
[Date "2021.06.24"]
[Round "1"]
[White "Schmidt, Boris"]
[Black "Jiang, Luke"]
[Result "1-0"]
[Termination "normal"]
[Board "6.4"]
[WhiteElo "1536"]
[BlackElo "1358"]
[WhiteClock "00:37:13"]
[BlackClock "00:13:10"]
[WhiteTeam "Düsseldorfer Schachverein 1854"]
[BlackTeam "SV Empor Berlin e.V."]
[PlyCount "89"]
[WhiteFideId "16238036"]
[BlackFideId "16292065"]
[EventCountry "GER"]
[EventRounds "7"]
[EventType "team-swiss"]
[EventDate "2021.06.23"]

1. e4 {[%clk 1:30:50]} c5 {[%clk 1:30:55]} 2. d4 {[%clk 1:31:01]} cxd4 {[%clk
1:31:18]} 3. c3 {[%clk 1:31:24]} Nf6 {[%clk 1:31:24]} 4. e5 {[%clk 1:31:06]}
Nd5 {[%clk 1:31:31]} 5. Nf3 {[%clk 1:30:52]} d6 {[%clk 1:31:14]} 6. cxd4 {[%clk
1:28:45]} Nc6 {[%clk 1:29:14]} 7. Bc4 {[%clk 1:26:47]} Nb6 {[%clk 1:28:49]} 8.
Bb3 {[%clk 1:26:22]} e6 {[%clk 1:28:36]} 9. O-O {[%clk 1:23:49]} d5 {[%clk
1:25:06]} 10. Nc3 {[%clk 1:20:39]} Be7 {[%clk 1:24:32]} 11. a3 {[%clk 1:17:51]}
O-O {[%clk 1:24:04]} 12. Bc2 {[%clk 1:16:46]} a6 {[%clk 1:22:18]} 13. Bh6
{[%clk 1:09:27]} gxh6 {[%clk 1:06:49]} 14. Qd3 {[%clk 1:08:40]} f5 {[%clk
1:02:55]} 15. exf6 {[%clk 1:08:36]} Rxf6 {[%clk 1:03:14]} 16. Qxh7+ {[%clk
1:08:53]} Kf8 {[%clk 1:02:59]} 17. Bg6 {[%clk 1:07:42]} Rxg6 {[%clk 1:01:17]}
18. Qxg6 {[%clk 1:04:47]} Bg5 {[%clk 0:59:04]} 19. h4 {[%clk 0:52:16]} Qf6
{[%clk 0:52:32]} 20. Qh5 {[%clk 0:51:42]} Bf4 {[%clk 0:51:37]} 21. Ne2 {[%clk
0:47:43]} Bd6 {[%clk 0:47:33]} 22. Rae1 {[%clk 0:37:42]} Nc4 {[%clk 0:42:31]}
23. Nc3 {[%clk 0:31:51]} Bd7 {[%clk 0:37:54]} 24. Re2 {[%clk 0:30:08]} Be8
{[%clk 0:27:55]} 25. Qg4 {[%clk 0:29:51]} Bf7 {[%clk 0:27:20]} 26. h5 {[%clk
0:25:59]} Re8 {[%clk 0:26:40]} 27. Na4 {[%clk 0:19:21]} b5 {[%clk 0:19:15]} 28.
b3 {[%clk 0:18:02]} bxa4 {[%clk 0:14:10]} 29. bxc4 Bxa3 {[%clk 0:13:15]} 30.
Ra1 {[%clk 0:17:32]} Bb4 {[%clk 0:12:56]} 31. Rxa4 {[%clk 0:17:25]} a5 {[%clk
0:13:10]} 32. Rc2 {[%clk 0:14:38]} Ne7 {[%clk 0:12:17]} 33. Ne5 {[%clk
0:13:56]} Rd8 {[%clk 0:11:45]} 34. c5 {[%clk 0:14:03]} Qf5 {[%clk 0:11:14]} 35.
Qd1 {[%clk 0:11:10]} Bxh5 {[%clk 0:10:29]} 36. Qc1 {[%clk 0:08:28]} Be8 {[%clk
0:09:55]} 37. Qxh6+ {[%clk 0:07:18]} Kg8 {[%clk 0:10:05]} 38. Raa2 {[%clk
0:07:12]} Nc6 {[%clk 0:08:17]} 39. g4 {[%clk 0:06:52]} Qe4 {[%clk 0:05:35]} 40.
Qxe6+ {[%clk 0:06:49]} Kg7 {[%clk 0:05:45]} 41. Re2 {[%clk 0:06:55]} Qb1+
{[%clk 0:05:28]} 42. Kg2 {[%clk 0:07:07]} Nxe5 {[%clk 0:13:59]} 43. Qxe5+
{[%clk 0:36:49]} Kf7 {[%clk 0:14:11]} 44. Qe7+ {[%clk 0:37:00]} Kg8 {[%clk
0:13:10]} 45. Qxd8 {[%clk 0:37:13]} *

[Event "DVM U14 2020"]
[Site "Willingen GER"]
[Date "2021.06.24"]
[Round "1"]
[White "Abou Wally, Adrian"]
[Black "Bungarten, Jona"]
[Result "1/2-1/2"]
[Termination "normal"]
[Board "7.1"]
[WhiteElo "1482"]
[BlackElo "1843"]
[WhiteClock "00:53:37"]
[BlackClock "01:09:20"]
[WhiteTeam "SV Schott Jena"]
[BlackTeam "Schachfreunde Brackel 1930 e. V."]
[PlyCount "49"]
[WhiteFideId "16245113"]
[BlackFideId "16223608"]
[EventCountry "GER"]
[EventRounds "7"]
[EventType "team-swiss"]
[EventDate "2021.06.23"]

{[%evp 0,49,22,22,22,22,22,14,14,11,34,29,23,-29,-8,2,0,15,10,15,40,46,17,25,
20,25,21,10,22,27,16,7,31,31,62,42,71,0,21,17,17,34,8,-4,3,12,1,6,16,21,55,60]
} 1. e4 e5 2. Nf3 Nc6 3. Bc4 Nf6 4. d3 Be7 5. O-O O-O 6. c3 d5 7. exd5 Nxd5 8.
Re1 Bf6 9. Nbd2 Bf5 10. Ne4 Nb6 11. Bb3 a5 12. Be3 a4 13. Bc2 a3 14. b3 Nd5 15.
Qd2 Bxe4 16. dxe4 Nf4 17. Rad1 Qe7 18. Kf1 Rfd8 19. Qc1 Qe6 20. h3 g5 21. Nh2
Be7 22. Rxd8+ Rxd8 23. Rd1 Bd6 24. Rd2 h5 25. Qd1 1/2-1/2

[Event "DVM U14 2020"]
[Site "Willingen GER"]
[Date "2021.06.24"]
[Round "1"]
[White "Tomasjan, Samuel"]
[Black "Link, Moritz"]
[Result "1-0"]
[Termination "normal"]
[Board "7.2"]
[WhiteElo "1775"]
[BlackElo "1540"]
[WhiteClock "01:07:59"]
[BlackClock "00:22:00"]
[WhiteTeam "Schachfreunde Brackel 1930 e. V."]
[BlackTeam "SV Schott Jena"]
[PlyCount "47"]
[WhiteFideId "16235584"]
[BlackFideId "34605924"]
[EventCountry "GER"]
[EventRounds "7"]
[EventType "team-swiss"]
[EventDate "2021.06.23"]

1. e4 {[%clk 1:30:57]} e5 {[%clk 1:30:59]} 2. Nf3 {[%clk 1:31:20]} Nc6 {[%clk
1:31:28]} 3. Bc4 {[%clk 1:31:40]} Bc5 {[%clk 1:31:51]} 4. Nc3 {[%clk 1:32:06]}
Nf6 {[%clk 1:31:43]} 5. d3 {[%clk 1:32:31]} d6 {[%clk 1:31:20]} 6. Be3 {[%clk
1:32:47]} Bb6 {[%clk 1:31:35]} 7. Qd2 {[%clk 1:33:10]} O-O {[%clk 1:29:38]} 8.
Bg5 {[%clk 1:33:11]} Na5 {[%clk 1:25:28]} 9. Bb5 {[%clk 1:30:26]} Be6 {[%clk
1:22:51]} 10. Ba4 {[%clk 1:25:56]} Nc6 {[%clk 1:14:40]} 11. Nd5 {[%clk
1:22:29]} Bxd5 {[%clk 1:11:07]} 12. exd5 {[%clk 1:22:48]} Nd4 {[%clk 1:11:28]}
13. c3 {[%clk 1:22:15]} Nf5 {[%clk 1:06:33]} 14. g4 {[%clk 1:21:05]} Ne7 {[%clk
1:06:55]} 15. Bxf6 {[%clk 1:21:19]} gxf6 {[%clk 1:07:23]} 16. Bb3 {[%clk
1:21:11]} Ng6 {[%clk 1:06:38]} 17. Qh6 {[%clk 1:20:03]} Qe7 {[%clk 1:00:39]}
18. Bc2 {[%clk 1:19:26]} Qd7 {[%clk 0:38:21]} 19. Rg1 {[%clk 1:15:12]} Qb5
{[%clk 0:38:37]} 20. O-O-O {[%clk 1:09:59]} Qxd5 {[%clk 0:35:01]} 21. Nh4
{[%clk 1:09:02]} Bxf2 {[%clk 0:25:45]} 22. Nf5 {[%clk 1:08:18]} Be3+ {[%clk
0:23:05]} 23. Nxe3 {[%clk 1:08:20]} Qf3 {[%clk 0:22:00]} 24. Rdf1 {[%clk
1:07:59]} 1-0

[Event "DVM U14 2020"]
[Site "Willingen GER"]
[Date "2021.06.24"]
[Round "1"]
[White "Wagner, Alexander"]
[Black "Römer, Alois"]
[Result "0-1"]
[Termination "normal"]
[Board "7.3"]
[WhiteElo "1522"]
[BlackElo "1498"]
[WhiteClock "00:51:57"]
[BlackClock "00:20:32"]
[WhiteTeam "SV Schott Jena"]
[BlackTeam "Schachfreunde Brackel 1930 e. V."]
[PlyCount "94"]
[BlackFideId "16255607"]
[EventCountry "GER"]
[EventRounds "7"]
[EventType "team-swiss"]
[EventDate "2021.06.23"]

1. e4 {[%clk 1:30:57]} e5 {[%clk 1:30:58]} 2. Nf3 {[%clk 1:31:23]} Nc6 {[%clk
1:31:24]} 3. Bc4 {[%clk 1:31:48]} Nf6 {[%clk 1:31:50]} 4. d3 {[%clk 1:32:12]}
h6 {[%clk 1:32:08]} 5. Nc3 {[%clk 1:32:20]} d6 {[%clk 1:31:43]} 6. h3 {[%clk
1:31:59]} Bd7 {[%clk 1:30:25]} 7. O-O {[%clk 1:31:15]} Na5 {[%clk 1:29:27]} 8.
Bb3 {[%clk 1:29:38]} Nxb3 {[%clk 1:27:35]} 9. axb3 {[%clk 1:30:03]} g5 {[%clk
1:24:42]} 10. d4 {[%clk 1:23:17]} g4 {[%clk 1:18:23]} 11. hxg4 {[%clk 1:21:24]}
Nxg4 {[%clk 1:16:10]} 12. dxe5 {[%clk 1:14:34]} dxe5 {[%clk 1:12:51]} 13. Ra5
{[%clk 1:09:27]} c5 {[%clk 1:07:13]} 14. b4 {[%clk 1:03:37]} cxb4 {[%clk
0:53:02]} 15. Nxe5 {[%clk 1:03:59]} bxc3 {[%clk 0:52:50]} 16. Rd5 {[%clk
1:03:46]} Nxe5 {[%clk 0:52:32]} 17. Rxe5+ {[%clk 1:04:08]} Be7 {[%clk 0:52:23]}
18. bxc3 {[%clk 1:04:06]} Be6 {[%clk 0:46:20]} 19. Rxe6 {[%clk 1:03:48]} Qxd1
{[%clk 0:41:16]} 20. Rxe7+ {[%clk 1:04:09]} Kxe7 {[%clk 0:41:39]} 21. Rxd1
{[%clk 1:04:34]} Rad8 {[%clk 0:41:07]} 22. Ba3+ {[%clk 1:04:28]} Ke6 {[%clk
0:40:42]} 23. Rb1 {[%clk 1:04:40]} b6 {[%clk 0:39:18]} 24. f4 {[%clk 1:04:28]}
Rd2 {[%clk 0:38:28]} 25. Rb5 {[%clk 1:02:47]} f6 {[%clk 0:37:02]} 26. c4 {[%clk
0:59:36]} Rg8 {[%clk 0:35:13]} 27. f5+ Kf7 28. c5 {[%clk 0:58:47]} Rdxg2+
{[%clk 0:31:08]} 29. Kf1 {[%clk 0:59:07]} Rg1+ {[%clk 0:28:39]} 30. Kf2 {[%clk
0:59:31]} R8g2+ {[%clk 0:28:24]} 31. Kf3 {[%clk 0:59:46]} Rg3+ {[%clk 0:28:46]}
32. Kf2 {[%clk 0:59:51]} R1g2+ {[%clk 0:28:38]} 33. Kf1 {[%clk 1:00:14]} Rxc2
{[%clk 0:28:28]} 34. Bb2 {[%clk 0:53:59]} Rxc5 {[%clk 0:26:49]} 35. Rb4 {[%clk
0:53:43]} h5 {[%clk 0:25:42]} 36. Rd4 {[%clk 0:53:49]} Ke7 {[%clk 0:23:31]} 37.
Kf2 {[%clk 0:53:54]} Rb3 {[%clk 0:23:23]} 38. Rd2 {[%clk 0:53:41]} Rc4 {[%clk
0:22:46]} 39. Bd4 {[%clk 0:51:45]} a5 {[%clk 0:21:23]} 40. Ke2 {[%clk 0:51:00]}
a4 {[%clk 0:20:49]} 41. e5 {[%clk 0:51:08]} fxe5 {[%clk 0:20:28]} 42. Ba1
{[%clk 0:51:06]} a3 {[%clk 0:20:01]} 43. Kf2 {[%clk 0:51:05]} Rf4+ {[%clk
0:19:53]} 44. Ke2 {[%clk 0:51:22]} Rxf5 {[%clk 0:19:59]} 45. Kd1 {[%clk
0:51:18]} Rb1+ {[%clk 0:20:12]} 46. Kc2 {[%clk 0:51:38]} Rxa1 {[%clk 0:20:35]}
47. Kb3 {[%clk 0:51:57]} e4 {[%clk 0:20:32]} 0-1

[Event "DVM U14 2020"]
[Site "Willingen GER"]
[Date "2021.06.24"]
[Round "1"]
[White "Zabudkin, David"]
[Black "Junge, Mattheo Gabriel"]
[Result "1/2-1/2"]
[Termination "normal"]
[Board "7.4"]
[WhiteElo "1059"]
[BlackElo "1267"]
[WhiteClock "00:54:27"]
[BlackClock "01:05:15"]
[WhiteTeam "Schachfreunde Brackel 1930 e. V."]
[BlackTeam "SV Schott Jena"]
[PlyCount "97"]
[WhiteFideId "34605975"]
[BlackFideId "34605908"]
[EventCountry "GER"]
[EventRounds "7"]
[EventType "team-swiss"]
[EventDate "2021.06.23"]

1. e4 e5 2. f4 exf4 3. Nf3 g5 4. Nc3 Bb4 5. Bc4 Nc6 6. a3 Bxc3 7. bxc3 h6 8. g3
g4 9. Nh4 f3 10. d4 Nge7 11. Be3 d6 12. Qd2 h5 13. O-O-O a6 14. Rhf1 b5 15. Ba2
Bb7 16. h3 Qd7 17. Bg5 O-O-O 18. hxg4 hxg4 19. Qf4 Kb8 20. Nf5 Rdg8 21. d5 Ng6
22. dxc6 Nxf4 23. cxd7 Ne2+ 24. Kb2 Rxg5 25. Rh1 Rd8 26. Bd5 Rxd7 27. Rh4 f2
28. Bxb7 Kxb7 29. Rf1 d5 30. Rxf2 dxe4 31. Rxe2 Rxf5 32. Rxe4 Rf2 33. Rf4 Rg2
34. Kb3 Rxg3 35. Rhxg4 Rxg4 36. Rxg4 Kb6 37. c4 c6 38. cxb5 axb5 39. c4 Rd3+
40. Kb2 Rf3 41. cxb5 cxb5 42. a4 bxa4 43. Rxa4 f5 44. Kc2 Kb5 45. Rd4 Kc5 46.
Rd8 f4 47. Kd2 Rh3 48. Ke2 Rh4 49. Kf3 1/2-1/2

[Event "DVM U14 2020"]
[Site "Willingen GER"]
[Date "2021.06.24"]
[Round "1"]
[White "Schulemann, Gero"]
[Black "Kvantaliani, Saba"]
[Result "0-1"]
[Termination "normal"]
[Board "8.1"]
[WhiteElo "1835"]
[BlackElo "1535"]
[WhiteTeam "USV Halle"]
[BlackTeam "Schachklub Münster 32 e. V."]
[PlyCount "74"]
[WhiteFideId "16227646"]
[BlackFideId "16284364"]
[EventCountry "GER"]
[EventRounds "7"]
[EventType "team-swiss"]
[EventDate "2021.06.23"]

{[%evp 0,74,30,34,46,46,75,49,49,33,45,35,78,55,63,45,97,74,64,56,61,50,89,83,
74,74,142,125,116,83,88,64,64,64,72,39,33,7,25,25,42,16,45,9,53,-20,-20,-48,
-24,-24,12,5,23,26,30,36,27,21,27,36,68,60,57,-45,-47,-157,-147,-129,-134,-129,
-71,-304,-416,-678,-29994,-29999,-30000]} 1. e4 c5 2. Nf3 d6 3. d4 cxd4 4. Nxd4
Nf6 5. Nc3 g6 6. Be3 Nc6 7. f3 h5 8. Qd2 Bd7 9. O-O-O a6 10. Nd5 Bg7 11. Nxc6
bxc6 12. Bb6 Nxd5 13. Bxd8 Bh6 14. Ba5 Bxd2+ 15. Rxd2 Nf4 16. Bc3 O-O 17. e5 d5
18. Bb4 Rfe8 19. c4 Rac8 20. g3 Ne6 21. cxd5 cxd5+ 22. Kd1 Bc6 23. Bd3 Kf8 24.
Ke2 Bb7 25. Rf1 Nd4+ 26. Ke3 Nc6 27. Bc3 Red8 28. Bd4 Nb4 29. Bb1 a5 30. Bb6
Rd7 31. Bxa5 d4+ 32. Kf4 Nd5+ 33. Kg5 Ne3 34. Re1 Rd5 35. Bb6 Rxe5+ 36. Kf4 f6
37. Bxg6 Nd5# 0-1

[Event "DVM U14 2020"]
[Site "Willingen GER"]
[Date "2021.06.24"]
[Round "1"]
[White "Bergeret Busse, Julian"]
[Black "Neuber, Pascal"]
[Result "0-1"]
[Termination "normal"]
[Board "8.2"]
[WhiteElo "1466"]
[BlackElo "1812"]
[WhiteTeam "Schachklub Münster 32 e. V."]
[BlackTeam "USV Halle"]
[PlyCount "84"]
[WhiteFideId "16298446"]
[BlackFideId "16227611"]
[EventCountry "GER"]
[EventRounds "7"]
[EventType "team-swiss"]
[EventDate "2021.06.23"]

{[%evp 0,84,34,34,46,46,62,33,33,39,26,46,37,31,21,21,25,25,30,34,26,37,65,26,
17,29,34,34,44,34,26,18,20,15,21,24,40,39,46,0,-13,-38,-32,-60,-47,-109,-94,
-92,-55,-78,-39,-39,-42,-34,-20,-39,17,10,0,-67,-52,-55,-65,-59,-74,-82,-82,
-135,-123,-197,-178,-235,-236,-244,-248,-244,-234,-243,-231,-231,-190,-228,
-241,-240,-212,-852,-864]} 1. e4 c5 2. Nf3 e6 3. d4 cxd4 4. Nxd4 Nf6 5. Nc3 Nc6
6. Ndb5 Bb4 7. a3 Bxc3+ 8. Nxc3 d5 9. exd5 exd5 10. Bd3 d4 11. Ne2 O-O 12. O-O
Bg4 13. f3 Bh5 14. Nf4 Bg6 15. Nxg6 hxg6 16. f4 Ne7 17. Qf3 Qd5 18. Qxd5 Nexd5
19. h3 Rfe8 20. Bb5 Re7 21. Rd1 Rc8 22. Ba4 Re4 23. g3 Nh5 24. Kf2 Ne3 25. Re1
Nf6 26. Re2 Rc7 27. Bb3 Rce7 28. Bxe3 Rxe3 29. Rxe3 Rxe3 30. Kg2 Nh5 31. Rd1
Rxg3+ 32. Kh2 d3 33. cxd3 Re3 34. Bc4 Nxf4 35. Rf1 Rxh3+ 36. Kg1 g5 37. d4 Rg3+
38. Kh1 Rh3+ 39. Kg1 Re3 40. d5 Re4 41. Rc1 Rd4 42. Bb3 Ne2+ 0-1

[Event "DVM U14 2020"]
[Site "Willingen GER"]
[Date "2021.06.24"]
[Round "1"]
[White "Polzin, Gustav"]
[Black "Timmermann, Aaron Frederik"]
[Result "1-0"]
[Termination "normal"]
[Board "8.3"]
[WhiteElo "1566"]
[BlackElo "1399"]
[WhiteClock "01:07:20"]
[BlackClock "01:12:51"]
[WhiteTeam "USV Halle"]
[BlackTeam "Schachklub Münster 32 e. V."]
[PlyCount "127"]
[WhiteFideId "34603280"]
[BlackFideId "34606173"]
[EventCountry "GER"]
[EventRounds "7"]
[EventType "team-swiss"]
[EventDate "2021.06.23"]

1. e4 {[%clk 1:30:56]} c5 {[%clk 1:30:58]} 2. Nf3 {[%clk 1:31:14]} Nc6 {[%clk
1:30:33]} 3. d4 {[%clk 1:31:15]} cxd4 {[%clk 1:30:58]} 4. Nxd4 {[%clk 1:31:37]}
e5 {[%clk 1:31:19]} 5. Nb5 {[%clk 1:29:55]} d6 {[%clk 1:31:04]} 6. N1c3 {[%clk
1:30:08]} a6 {[%clk 1:31:30]} 7. Na3 {[%clk 1:30:25]} b5 {[%clk 1:31:56]} 8.
Nd5 {[%clk 1:30:37]} Nf6 {[%clk 1:32:16]} 9. Bg5 {[%clk 1:30:52]} Be7 {[%clk
1:32:31]} 10. Bxf6 {[%clk 1:31:13]} Bxf6 {[%clk 1:32:55]} 11. c3 {[%clk
1:31:33]} Be6 {[%clk 1:33:04]} 12. Nc2 {[%clk 1:27:28]} O-O {[%clk 1:32:40]}
13. Nce3 {[%clk 1:23:00]} Ne7 {[%clk 1:31:36]} 14. Nxf6+ {[%clk 1:23:22]} gxf6
{[%clk 1:31:56]} 15. h4 {[%clk 1:16:22]} d5 {[%clk 1:30:05]} 16. Qf3 {[%clk
1:11:25]} dxe4 {[%clk 1:28:03]} 17. Qxf6 {[%clk 1:10:48]} Ng6 {[%clk 1:26:01]}
18. Qxd8 {[%clk 1:10:22]} Rfxd8 {[%clk 1:26:05]} 19. g3 {[%clk 1:10:35]} Rd7
{[%clk 1:23:42]} 20. Bg2 {[%clk 1:10:48]} f5 {[%clk 1:23:54]} 21. O-O {[%clk
1:10:51]} Rc8 {[%clk 1:22:38]} 22. Bh3 {[%clk 1:09:44]} Ne7 {[%clk 1:21:28]}
23. a4 {[%clk 1:09:48]} Rd6 {[%clk 1:19:47]} 24. axb5 {[%clk 1:09:55]} axb5
{[%clk 1:19:50]} 25. Ra7 {[%clk 1:10:21]} f4 {[%clk 1:19:15]} 26. Ng4 {[%clk
1:10:09]} Re8 {[%clk 1:17:11]} 27. Nf6+ {[%clk 1:10:30]} Kf7 {[%clk 1:16:48]}
28. Nxe8 {[%clk 1:10:53]} Kxe8 {[%clk 1:17:06]} 29. Bxe6 {[%clk 1:11:06]} Rxe6
{[%clk 1:17:30]} 30. Rb7 {[%clk 1:10:35]} Nf5 {[%clk 1:16:50]} 31. Ra1 {[%clk
1:10:36]} Kf8 {[%clk 1:16:35]} 32. Ra8+ {[%clk 1:10:48]} Re8 {[%clk 1:16:59]}
33. Ra6 {[%clk 1:10:54]} Kg8 {[%clk 1:16:17]} 34. Rf6 {[%clk 1:10:51]} e3
{[%clk 1:15:28]} 35. Kf1 {[%clk 1:10:51]} Nxg3+ {[%clk 1:14:07]} 36. Kg2 {[%clk
1:10:32]} Nf1 {[%clk 1:14:07]} 37. fxe3 {[%clk 1:10:32]} Ng3 38. Rff7 {[%clk
1:07:56]} Ne4 {[%clk 1:12:38]} 39. exf4 {[%clk 1:06:42]} Nd6 {[%clk 1:11:56]}
40. Rg7+ {[%clk 1:07:04]} Kh8 {[%clk 1:12:17]} 41. Rxh7+ {[%clk 1:07:26]} Kg8
{[%clk 1:12:37]} 42. Rbe7 {[%clk 1:07:28]} Rb8 {[%clk 1:11:03]} 43. Reg7+
{[%clk 1:07:22]} Kf8 {[%clk 1:11:12]} 44. Rh8+ {[%clk 1:07:51]} Kxg7 {[%clk
1:11:36]} 45. Rxb8 {[%clk 1:08:13]} exf4 {[%clk 1:11:41]} 46. Rb6 {[%clk
1:08:29]} Nf5 {[%clk 1:11:07]} 47. Kf3 {[%clk 1:08:32]} Nxh4+ {[%clk 1:11:17]}
48. Kxf4 {[%clk 1:08:24]} Ng6+ {[%clk 1:11:16]} 49. Kg5 {[%clk 1:08:41]} Ne5
{[%clk 1:11:05]} 50. Rxb5 {[%clk 1:08:37]} Nd3 {[%clk 1:11:02]} 51. Rb7+ {[%clk
1:08:50]} Kf8 {[%clk 1:11:13]} 52. b4 {[%clk 1:08:57]} Ke8 {[%clk 1:11:33]} 53.
Kf5 {[%clk 1:08:57]} Kd8 {[%clk 1:11:50]} 54. Ke6 {[%clk 1:09:02]} Nf4+ {[%clk
1:11:54]} 55. Kd6 {[%clk 1:09:16]} Kc8 {[%clk 1:12:09]} 56. Rf7 {[%clk
1:09:22]} Nd3 {[%clk 1:12:20]} 57. b5 {[%clk 1:09:29]} Nb2 {[%clk 1:12:27]} 58.
Kc6 {[%clk 1:09:46]} Kd8 {[%clk 1:12:45]} 59. b6 {[%clk 1:09:45]} Nc4 {[%clk
1:12:49]} 60. Rf5 {[%clk 1:09:23]} Ke8 {[%clk 1:12:44]} 61. b7 {[%clk 1:06:58]}
Nd6 62. b8=Q+ {[%clk 1:07:04]} Ke7 {[%clk 1:12:41]} 63. Qf8+ {[%clk 1:07:20]}
Ke6 {[%clk 1:12:51]} 64. Qf6# 1-0

[Event "DVM U14 2020"]
[Site "Willingen GER"]
[Date "2021.06.24"]
[Round "1"]
[White "Elshof, Torge"]
[Black "Natebus, Wenzel"]
[Result "1-0"]
[Termination "normal"]
[Board "8.4"]
[WhiteElo "1281"]
[BlackElo "1552"]
[WhiteTeam "Schachklub Münster 32 e. V."]
[BlackTeam "USV Halle"]
[PlyCount "89"]
[WhiteFideId "16261291"]
[BlackFideId "34600787"]
[EventCountry "GER"]
[EventRounds "7"]
[EventType "team-swiss"]
[EventDate "2021.06.23"]

1. e4 e5 2. Nf3 Nc6 3. Bc4 Bc5 4. d3 Nf6 5. O-O O-O 6. c3 d6 7. Bb3 Bg4 8. Nbd2
Re8 9. h3 Bh5 10. Re1 Qd7 11. Nf1 Bg6 12. Ng3 Nh5 13. Nxe5 Nxe5 14. d4 Nxg3 15.
fxg3 Bb6 16. Kh2 Nc6 17. Bc2 Re7 18. Re3 Rae8 19. Qe2 a6 20. Bd2 d5 21. exd5
Bxc2 22. dxc6 bxc6 23. Re1 Rxe3 24. Bxe3 Bg6 25. Qxa6 h6 26. a4 Qd5 27. Qe2 c5
28. Qb5 Re6 29. c4 Qc6 30. Qxc6 Rxc6 31. d5 Rf6 32. Ra1 Bd3 33. b3 Bc2 34. a5
Ba7 35. b4 Bd3 36. Rc1 Rf1 37. Rc3 Be2 38. bxc5 Ra1 39. d6 cxd6 40. cxd6 Bxe3
41. Rxe3 Bg4 42. hxg4 Rd1 43. Re8+ Kh7 44. a6 Rxd6 45. a7 1-0

[Event "DVM U14 2020"]
[Site "Willingen GER"]
[Date "2021.06.24"]
[Round "1"]
[White "Klein, Maxim"]
[Black "Hänselmann, Hendrik"]
[Result "0-1"]
[Termination "normal"]
[Board "9.1"]
[WhiteElo "1436"]
[BlackElo "1828"]
[WhiteTeam "FC Ergolding 1932 e.V."]
[BlackTeam "Karlsruher SF 1853"]
[PlyCount "88"]
[WhiteFideId "16281632"]
[BlackFideId "16232755"]
[EventCountry "GER"]
[EventRounds "7"]
[EventType "team-swiss"]
[EventDate "2021.06.23"]

1. d4 Nf6 2. Nf3 g6 3. Bf4 Bg7 4. e3 d6 5. Nbd2 O-O 6. Bd3 Nc6 7. O-O Re8 8. c3
e5 9. Bg5 h6 10. Bxf6 Bxf6 11. d5 Ne7 12. e4 Bg7 13. a4 f5 14. Qc2 Rf8 15. Nh4
Bf6 16. Ndf3 f4 17. c4 b6 18. b4 g5 19. Nf5 Nxf5 20. exf5 e4 21. Bxe4 Bxa1 22.
Rxa1 Qf6 23. Re1 g4 24. Nd2 Bxf5 25. c5 Rae8 26. cxd6 Qxd6 27. Kf1 Qe5 28. Qc4
Kh8 29. f3 h5 30. Qc6 Rf6 31. Nc4 Qe7 32. d6 cxd6 33. Qd5 Qe6 34. Qb5 d5 35.
Nd6 Re7 36. Nxf5 Rxf5 37. fxg4 hxg4 38. Qd3 dxe4 39. Qd8+ Kg7 40. Qd1 f3 41.
gxf3 Rd5 42. Qc2 gxf3 43. Kf2 Qh6 44. Rh1 Rd2+ 0-1